00250nam a22001097a 4500008004100000082001100041245004200052260000900094300001000103440001800113760000900131180730b xxu||||| |||| 00| 0 eng d a813.52 aThe Art of public speakingcLucas,S.E c2009 a1fCD x9780077262242 b10th